El espacio interior de la ciudad.

Hoy la sociedad avanza hacia una ecumenópolis de dimensiones planetarias, favorecida por procesos de convergencia espacio-tiempo que empequeñecen el mundo, y por la revolución tecnológica; en la actualidad, se estima que más de la mitad de la humanidad vive en ciudades. Es necesario interpretar esta...

Full description

Bibliographic Details
Main Author: Zárate Martín, Antonio
Format: Libro
Language:Spanish
Published: Madrid, España Síntesis 2003
Series:Espacios y Sociedades 12
Subjects:
Online Access:

MARC

LEADER 00000cam a2200000 a 4500
001 019429
003 UAHC_CL
005 20170803121743.0
008 060116b2003 sp 000 spa
020 |a 847738116X 
040 |a UAHC_CL  |c UAHC_CL  |d UAHC_CL 
100 1 |a Zárate Martín, Antonio 
245 1 3 |a El espacio interior de la ciudad. 
260 |b Síntesis  |c 2003  |a Madrid, España 
300 |a 253 p. 
490 0 |a Espacios y Sociedades  |v 12 
520 |a Hoy la sociedad avanza hacia una ecumenópolis de dimensiones planetarias, favorecida por procesos de convergencia espacio-tiempo que empequeñecen el mundo, y por la revolución tecnológica; en la actualidad, se estima que más de la mitad de la humanidad vive en ciudades. Es necesario interpretar esta nueva realidad con el fin de poder abordar desde una perspectiva positiva los problemas que afectan a las sociedades urbanas. 
521 |a Geografía humana, desarrollo local y global 
650 4 |a ESPACIO URBANO 
650 4 |a GEOGRAFIA URBANA 
650 4 |a SOCIOLOGIA URBANA 
650 4 |a URBANISMO 
650 4 |a PAISAJE URBANO 
653 |a LICENCIATURA EN HISTORIA 
653 |a PEDAGOGIA EN HISTORIA Y CIENCIAS SOCIALES 
658 |a González, Pilar 
658 |a Barahona, Macarena 
900 |a 711.4 ZAR 
942 |c BK 
952 |0 0  |1 0  |4 0  |6 711_400000000000000_ZAR  |7 0  |8 General  |9 38946  |a BC  |b BC  |c General  |d 2017-08-03  |l 0  |o 711.4 ZAR  |p 1351771  |r 2026-01-13 00:00:00  |t 1  |w 2017-08-03  |y BK 
952 |0 0  |1 0  |4 0  |6 711_400000000000000_ZAR  |7 0  |8 General  |9 38947  |a BC  |b BC  |c General  |d 2017-08-03  |l 0  |o 711.4 ZAR  |p 1351772  |r 2026-01-13 00:00:00  |t 2  |w 2017-08-03  |y BK 
999 |c 19429  |d 19429